Сверхтекучесть гелия-3: сборник статей: пер. с англ.

Бібліографічні деталі
Інші автори: Халатников И. М. Исаак Маркович (редактор)
Мова:Російська
Опубліковано: Москва, Мир, 1977
Серія:Новости фундаментальной физики
Предмети:
Формат: MixedMaterials Книга
KOHA link:https://koha.lib.tpu.ru/cgi-bin/koha/opac-detail.pl?biblionumber=185415

MARC

LEADER 00000nam0a2200000 4500
001 185415
005 20231031172909.0
035 |a (RuTPU)RU\TPU\book\201112 
090 |a 185415 
100 |a 20101008d1977 k y0rusy50 ca 
101 1 |a rus  |c eng 
102 |a RU 
105 |a a z 001zy 
200 1 |a Сверхтекучесть гелия-3  |e сборник статей: пер. с англ.  |f под ред. И. М. Халатникова 
210 |a Москва  |c Мир  |d 1977 
215 |a 288 с.  |c ил. 
225 1 |a Новости фундаментальной физики  |h Вып. 7 
320 |a Библиография в конце статей 
610 1 |a гелий-3 
610 1 |a сверхтекучесть 
610 1 |a свойства 
610 1 |a приближение Гинзбурга-Ландау 
610 1 |a уравнения 
610 1 |a спиновые флуктуации 
675 |a 539.128  |v 3 
702 1 |a Халатников  |b И. М.  |g Исаак Маркович  |4 340 
801 1 |a RU  |b 63413507  |c 20101008 
801 2 |a RU  |b 63413507  |c 20180621  |g RCR 
942 |c BK